Elementary Sociology (Record no. 23576)
[ view plain ]
| 000 -LEADER | |
|---|---|
| fixed length control field | 00268nam a22000977a 4500 |
| 003 - CONTROL NUMBER IDENTIFIER | |
| control field | Nust |
| 005 - DATE AND TIME OF LATEST TRANSACTION | |
| control field | 20170519122245.0 |
| 008 - FIXED-LENGTH DATA ELEMENTS--GENERAL INFORMATION | |
| fixed length control field | 131218b xxu||||| |||| 00| 0 eng d |
| 020 ## - INTERNATIONAL STANDARD BOOK NUMBER | |
| Terms of availability | Available |
| International Standard Book Number | 013260034X |
| 040 ## - CATALOGING SOURCE | |
| Original cataloging agency | DLC |
| Language of cataloging | DLC |
| Transcribing agency | RCMS |
| 050 ## - LIBRARY OF CONGRESS CALL NUMBER | |
| Classification number | 310 CAP |
| Item number | 000863 |
| 082 ## - DEWEY DECIMAL CLASSIFICATION NUMBER | |
| Classification number | 310 CAP |
| 100 ## - MAIN ENTRY--PERSONAL NAME | |
| Personal name | Caplow, Theodore. |
| 9 (RLIN) | 1211 |
| 245 ## - TITLE STATEMENT | |
| Title | Elementary Sociology |
| Statement of responsibility, etc. | Caplow,Theodor |
| 260 ## - PUBLICATION, DISTRIBUTION, ETC. | |
| Place of publication, distribution, etc. | Islamabad |
| Name of publisher, distributor, etc. | National Book Foundation |
| Date of publication, distribution, etc. | c1971 |
| 300 ## - PHYSICAL DESCRIPTION | |
| Extent | 503 p. |
| Other physical details | ill: |
| Dimensions | 25,cm. |
| 500 ## - GENERAL NOTE | |
| General note | Second ed. published in 1975 under title: Sociology. |
| 505 ## - FORMATTED CONTENTS NOTE | |
| Formatted contents note | Sociological Theory And Research (Page-2), Sociological Fields (Page-196), Macrosociology (Page-580) |
| 538 ## - SYSTEM DETAILS NOTE | |
| Display text | Shelf # 13, Row # 2, Fiction. |
| 650 ## - SUBJECT ADDED ENTRY--TOPICAL TERM | |
| Topical term or geographic name entry element | Sociology. |
| 9 (RLIN) | 367 |
| 856 ## - ELECTRONIC LOCATION AND ACCESS | |
| Materials specified | Table of Content Only |
| 942 ## - ADDED ENTRY ELEMENTS (KOHA) | |
| Source of classification or shelving scheme | |
| Koha item type | Fiction |
| Withdrawn status | Lost status | Source of classification or shelving scheme | Damaged status | Not for loan | Permanent Location | Current Location | Shelving location | Date acquired | Total Checkouts | Full call number | Barcode | Date last seen | Price effective from | Koha item type |
|---|---|---|---|---|---|---|---|---|---|---|---|---|---|---|
| Central Library (CL) | Central Library (CL) | General Stacks | 12/18/2013 | 301CAP | RCMS000863 | 12/18/2013 | 12/18/2013 | Book | ||||||
| Central Library (CL) | Central Library (CL) | General Stacks | 12/18/2013 | 301CAP | RCMS000864 | 12/18/2013 | 12/18/2013 | Book | ||||||
| School of Interdisciplinary Engineering and Sciences (SINES) | School of Interdisciplinary Engineering and Sciences (SINES) | General Stacks | 12/18/2013 | 301CAP | RCMS000865 | 12/18/2013 | 12/18/2013 | Book |
